=LDR 00000nam 2200000 4500 =001 INLIS000000000014392 =005 20130612105655 =008 ***********************************Ind** =035 ##$$0010-061300000014392 =041 ##$$a Ind =082 ##$$a 813 =090 ##$$a 813, Sar s =100 ##$$a Sardjono, Agnes Yani =245 ##$$a Selendang kawung, Agnes Yani Sardjono =260 ##$$a [19..?] $b Yogyakarta =300 ##$$a vii,122 hlm, 20 cm =650 ##$$a Fiksi Indonesia =850 ##$$a NBPNMAT